LEADER 01036nam a2200277 i 4500 001 991000916999707536 005 20020502181032.0 008 940908s1993 it ||| | ita 020 $a8825100779 035 $ab11436670-39ule_inst 035 $aPRUMB51442$9ExL 040 $aScuola per assistenti sociali$bita 082 0 $a361 100 1 $aSardella, Maria Vittoria$0526479 245 10$aAnimazione per gli anziani /$cMaria Vittoria Sardella, Aldo Terracciano 260 $aMilano :$bCittà studi,$c1993 300 $a215 p. ;$c21 cm. 490 0 $aAnimazione e tempo libero 650 4$aAnziani$xAssistenza 700 1 $aTerracciano, Aldo$eauthor$4http://id.loc.gov/vocabulary/relators/aut$0734820 907 $a.b11436670$b01-03-17$c01-07-02 912 $a991000916999707536 945 $aLE024 SS/B IV 11$g1$iLE024N-2808$lle021$nex DUSS$o-$pE0.00$q-$rl$s- $t0$u0$v0$w0$x0$y.i11621308$z01-07-02 996 $aAnimazione per gli anziani$91451269 997 $aUNISALENTO 998 $ale021$b01-01-94$cm$da $e-$fita$git $h0$i1